000 00802nam a2200241Ia 4500
003 GCL
008 140319s9999 xx 000 0 ara d
040 _aGCL /
_cGCL
082 0 4 _aط
_b001.5
_bد ج
100 1 _aدار المعارف
245 1 0 _aالاتصالات /
_cدار المعارف
260 _a[S.N] :
_bدار المعارف
300 _aمتعددة
490 _aحقائق وتسالى
_v0
650 0 4 _aالاطفال
650 0 4 _aالاتصالات
650 0 4 _aالاتصالات السلكية واللاسلكية
650 0 4 _aوسائل الاعلام
650 0 4 _aالاتصالات الالكترونية
650 0 4 _aالوسائل السمعية والبصرية
650 0 4 _aالاتصالات عبر الاقمار الصناعية
942 _2ddc
_cBK
999 _c34578
_d34578